Capitales choix multiple - Statistiques

Statistiques générales
  • Ce quiz a été pris 260 fois
  • Le résultat moyen est 9 sur 15
Statistiques - réponses
Question Réponse % Correct
Émirats arabes unis Abu Dhabi
87%
Turquie Ankara
78%
Kazakhstan Astana
78%
Groenland Nuuk
78%
Timor-Leste Dili
65%
Union européenne Bruxelles
61%
Monténégro Podgorica
61%
Paraguay Asunción
57%
Seychelles Victoria
57%
Bahamas Nassau
52%
Côte d'Ivoire Yamoussoukro
52%
Bahreïn Manama
39%
Lesotho Maseru
35%
Dominique Roseau
30%
Îles Cook Avarua
26%
Aucun quiz correspondant
Distribution des résultats
% des personnes avec chaque résultat
Percentile par nombre de réponses
Votre historique - résultats
Vous n’avez pas pris ce quiz